| 000 | 00626nam a2200181Ia 4500 | ||
|---|---|---|---|
| 008 | 151018s9999 xx 000 0 und d | ||
| 082 |
_bRBASDV29174 _a891.463 |
||
| 100 | _aकुमुदिनी रांगणेकर | ||
| 245 | _aआडवळणी खून | ||
| 250 | _b1 | ||
| 260 |
_bराजेंद्र प्रकाशन ठाणे _c1985 |
||
| 300 | _a139 | ||
| 600 | _aकुमुदिनी रांगणेकर | ||
| 630 | _aआडवळणी खून | ||
| 700 | _aकुमुदिनी रांगणेकर | ||
| 730 | _aआडवळणी खून | ||
| 942 | _cBOOK | ||
| 999 |
_c1028739 _d1028736 |
||